| 000 | 01238nam a22002297a 4500 | ||
|---|---|---|---|
| 003 | NALT | ||
| 005 | 20221124095043.0 | ||
| 008 | s2557 th tha d | ||
| 040 | _aNALT | ||
| 041 | _atha | ||
| 050 |
_aG 156.5.E20 _bศ324ก 2557 |
||
| 100 | 0 |
_aศักดิ์ชัย เศรษฐ์อนวัช _919710 |
|
| 245 | 1 | 0 |
_aการสังเคราะห์การสร้างเสริมศักยภาพและความเข้มแข็งการท่องเที่ยวชุมชนภาคตะวันออก / _cศักดิ์ชัย เศรษฐ์อนวัช, เกศริน อิ่มเล็ก, วรรณภา อุดมผล. |
| 260 |
_aชลบุรี : _bมหาวิทยาลัยบูรพา, _c2557. |
||
| 300 |
_a68 หน้า : _bตาราง ; _c30 ซม. |
||
| 650 | 4 |
_aการท่องเที่ยวโดยชุมชน _913561 |
|
| 700 | 0 |
_919711 _aเกศริน อิ่มเล็ก |
|
| 700 | 0 |
_919712 _aวรรณภา อุดมผล |
|
| 850 | _aNALT | ||
| 942 |
_cRSH _2lcc |
||
| 998 |
_bชวนพิชญ์ รัตนาไพบูลย์ _bphon _cphon _j104 _k นางสาวสายฝน ดีงาม |
||
| 999 |
_c71294 _d71294 |
||